000
00292nam a2200133Ia 4500
999
_c
14383
_d
14383
003
OSt
005
20260402165408.0
008
260210s9999 xx 000 0 und d
020
_a
9781598841527
100
_a
Downie
245
0
_a
Climate Change
260
_b
ABC-CLIO
_c
2009
942
_c
UG
_2
ddc